000 01188cam a22003134a 4500
001 13203155
003 LC
005 20170227142531.0
008 030519s2003 vaua b 001 0 eng
010 _a 2003011511
020 _a9780871206671 (alk. paper)
040 _aDLC
_cDLC
_dDLC
042 _apcc
050 0 0 _aLB 3051
_b.P61433 2003
082 0 0 _aGLT 371.26
_bP81 2003
100 1 _aPopham, W. James.
_922542
245 1 0 _aTest better, teach better :
_bthe instructional role of assessment /
_cW. James Popham.
260 _aAlexandria, Va. :
_bAssociation for Supervision and Curriculum Development,
_c2003.
300 _a174 p. :
_bill. ;
_c23 cm.
500 _aIncludes bibliographical references and index.
650 0 _aEducational tests and measurements.
_9273
650 0 _aExaminations.
_9949
650 0 _aEffective teaching.
_920
856 4 1 _3Table of contents
_uhttp://www.loc.gov/catdir/toc/ecip044/2003011511.html
906 _a7
_bcbc
_corignew
_d1
_eecip
_f20
_gy-gencatlg
942 _2lcc
_cBK
999 _c12555
_d12555